000
00261nam a2200097Ia 4500
001
1250728
005
20251031150902.0
008
251031s9999 xx 000 0 und d
245
0
_c
J.K.ROWLING
_a
F-4 HARRY POTTER VE SIRLAR ODASI
260
_b
YAPI KREDİ YAYINLARI
999
_c
1250728
_d
1250728